000 00425nam a2200181Ia 4500
001 21164
005 20260306172859.0
008 260306t1999||||xx |||||||||||||| ||spa||
041 _aESP
082 _a344G
_bB12
100 _aBacigalupo, Enrique
_eAUT
245 0 _aDerecho penal:
_bparte general
260 _c1999
300 _a691 páginas :
_c23 cm.
650 _aGEN
654 _aCDE
942 _cLIB
_dJUS
_fJUS
_2ddc
_n
999 _c21164
_d21164